000 00667cam a2200241 a 4500
001 2158035
003 OSt
005 20160401133306.0
008 990504s2000 nyua b 001 0 eng
010 _a 99031329
020 _a047128310X (alk. paper)
040 _aSEKU
050 0 0 _aQA 276.12
_b.C43 2000
100 1 _aChase, Warren.
245 1 0 _aGeneral statistics /
_cWarren Chase, Fred Brown.
250 _a4th ed.
260 _aNew York :
_bWiley,
_c2000.
300 _axiv, 528, 50, 36, 3 p. :
_bcol. ill. ;
_c26 cm.
504 _aIncludes bibliographical references and index.
650 0 _aStatistics.
700 1 _aBown, Fred.
942 _2lcc
_cGEN
999 _c12358
_d12358